Motivácia pracovníkov bakalárska práca

Enregistré dans:
Détails bibliographiques
Auteur principal: Káli, Klaudia
Collectivité auteur: Fakulta podnikového manažmentu EU. Katedra podnikovohospodárska
Autres auteurs: Čunderlík, Dušan
Format: Livre
Langue:slovaque
Publié: Bratislava 2009
Tags: Ajouter un tag
Pas de tags, Soyez le premier à ajouter un tag!

MARC

LEADER 00000nam$a2200000$$$4500
001 0101980
005 20240319130133.4
041 0 |a slo 
044 |a SK 
245 1 0 |a Motivácia pracovníkov  |b bakalárska práca  |c Klaudia Káli ; škol. Dušan Čunderlík 
264 1 |a Bratislava  |c 2009 
300 |a 40 s. 
100 1 |a Káli, Klaudia 
700 1 |a Čunderlík, Dušan 
710 2 |a Fakulta podnikového manažmentu EU. Katedra podnikovohospodárska